Longest Path of Countries - Statistics

General Stats
  • This quiz has been taken 65 times
  • The average score is 62 of 130
Answers on the Map
Answers color-coded by a green-red scale on the quiz's map according to % correct below.
 
Answer Stats
Answer % Correct
Canada
100%
Mexico
100%
United States
100%
Belize
89%
Argentina
84%
Colombia
84%
Ecuador
84%
El Salvador
84%
Guatemala
84%
Nicaragua
84%
Panama
84%
Bolivia
82%
Brazil
82%
Chile
82%
Costa Rica
82%
France
82%
Guyana
82%
Honduras
82%
Paraguay
82%
Peru
82%
Suriname
82%
Uruguay
82%
Venezuela
82%
Belgium
47%
Czechia
47%
Germany
47%
Hungary
47%
Luxembourg
47%
Netherlands
47%
Poland
47%
Slovakia
47%
Albania
45%
Austria
45%
Belarus
45%
Bosnia and Herzegovina
45%
Bulgaria
45%
Croatia
45%
Estonia
45%
Greece
45%
Italy
45%
Kosovo
45%
Latvia
45%
Liechtenstein
45%
Lithuania
45%
Moldova
45%
Montenegro
45%
North Macedonia
45%
Romania
45%
Russia
45%
Serbia
45%
Slovenia
45%
Switzerland
45%
Ukraine
45%
Cambodia
42%
China
42%
Laos
42%
Mongolia
42%
Vietnam
42%
Afghanistan
39%
Armenia
39%
Azerbaijan
39%
Bangladesh
39%
Central African Republic
39%
Chad
39%
Democratic Republic of the Congo
39%
Djibouti
39%
Egypt
39%
Eritrea
39%
Ethiopia
39%
Georgia
39%
India
39%
Iran
39%
Iraq
39%
Israel
39%
Jordan
39%
Kazakhstan
39%
Kenya
39%
Kuwait
39%
Kyrgyzstan
39%
Lebanon
39%
Myanmar
39%
Pakistan
39%
Saudi Arabia
39%
Somalia
39%
South Sudan
39%
Sudan
39%
Syria
39%
Tajikistan
39%
Thailand
39%
Turkey
39%
Turkmenistan
39%
Uganda
39%
Uzbekistan
39%
Angola
37%
Botswana
37%
Burundi
37%
Cameroon
37%
Congo
37%
Equatorial Guinea
37%
Eswatini
37%
Gabon
37%
Malawi
37%
Mozambique
37%
Namibia
37%
Nigeria
37%
Rwanda
37%
South Africa
37%
Tanzania
37%
Zambia
37%
Zimbabwe
37%
Algeria
34%
Benin
34%
Burkina Faso
34%
Ghana
34%
Guinea
34%
Guinea-Bissau
34%
Ireland
34%
Ivory Coast
34%
Liberia
34%
Libya
34%
Mali
34%
Mauritania
34%
Morocco
34%
Niger
34%
Senegal
34%
Sierra Leone
34%
Spain
34%
Togo
34%
Tunisia
34%
United Kingdom
34%
No matching quizzes found
Score Distribution
Percent of People with Each Score
Percentile by Number Answered
Your Score History
You have not taken this quiz